00677nam a22002177a 4500003000500000005001700005008004100022010001000063011001000073035001000083040000900093100001900102245004100121260006100162300001800223490006800241650002200309650004200331700002000373830006600393CHAP20220817042613.0971013s1982 r 00010 d a49537 a50509 a54659 cCHAP00aEdwards, B. J. aHome drying of fruits and vegetables aOttawa, Canada :bMinister of Supply and Services,c1982 a37 pb: ilus. aCanadá. Minister of Supply and Services. Publicationv; 1739E14aFrutaxProcesado.14aFrutas y legumbresxDeshidratación.0 aStrachan, G. E.0 aCanada. Minister of Supply and Services. Publicationv; 1739E